Atmospheric chemistry and global change (Record no. 229583)
[ view plain ]
| 000 -LEADER | |
|---|---|
| fixed length control field | 01957nam a22002057a 4500 |
| 005 - DATE AND TIME OF LATEST TRANSACTION | |
| control field | 20240108094956.0 |
| 008 - FIXED-LENGTH DATA ELEMENTS--GENERAL INFORMATION | |
| fixed length control field | 240108b ||||| |||| 00| 0 eng d |
| 020 ## - INTERNATIONAL STANDARD BOOK NUMBER | |
| International Standard Book Number | 9780195105216 |
| 040 ## - CATALOGING SOURCE | |
| Transcribing agency | AL |
| 041 ## - LANGUAGE CODE | |
| Language code of text/sound track or separate title | eng |
| 082 ## - DEWEY DECIMAL CLASSIFICATION NUMBER | |
| Edition number | 23 |
| Classification number | 551.511 |
| Item number | BRAA |
| 100 ## - MAIN ENTRY--PERSONAL NAME | |
| Personal name | Guy P Brasseur |
| 9 (RLIN) | 147560 |
| 245 ## - TITLE STATEMENT | |
| Title | Atmospheric chemistry and global change |
| 260 ## - PUBLICATION, DISTRIBUTION, ETC. | |
| Place of publication, distribution, etc. | New York |
| Name of publisher, distributor, etc. | Oxford University Press |
| Date of publication, distribution, etc. | 1999 |
| 300 ## - PHYSICAL DESCRIPTION | |
| Extent | xviii,654p. |
| Other physical details | HB |
| Dimensions | 25x17.5cm. |
| 520 ## - SUMMARY, ETC. | |
| Summary, etc. | Atmospheric Chemistry and Global Change presents an integrated examination of chemical processes in the atmosphere, focusing on global-scale problems and their role in the evolution of the Earth system. Taking a largely interdisciplinary approach, it features the collective efforts of a group of scientists at the National Center for Atmospheric Research (NCAR), as well as other experts from several universities and national laboratories. Topics discussed include the fundamental physical, chemical, and biological processes that affect the atmospheric composition; the chemical mechanisms that affect the production and the fate of important chemical compounds; and the techniques used to investigate the chemical processes in the atmosphere. The book concludes with discussions on global problems related to the atmosphere (stratospheric ozone depletion, changes in greenhouse gases, and global chemical pollution), the relationship between the atmosphere and the global climate, and the long-term chemical evolution of the atmosphere. Each chapter features a brief essay by a leader in the field and includes a large number of current references. Ideal for graduate courses in atmospheric chemistry and atmospheric science, Atmospheric Chemistry and Global Change also serves as an authoritative and practical reference for scientists studying the Earth's atmosphere. |
| 650 ## - SUBJECT ADDED ENTRY--TOPICAL TERM | |
| Source of heading or term | General |
| Topical term or geographic name entry element | Chemistry |
| 9 (RLIN) | 147561 |
| 700 ## - ADDED ENTRY--PERSONAL NAME | |
| Personal name | Orlando, John P; Tyndall, Geoffrey S. |
| 9 (RLIN) | 147562 |
| 942 ## - ADDED ENTRY ELEMENTS (KOHA) | |
| Source of classification or shelving scheme | Dewey Decimal Classification |
| Koha item type | Book |
| Withdrawn status | Lost status | Source of classification or shelving scheme | Damaged status | Not for loan | Collection code | Home library | Current library | Date acquired | Total Checkouts | Full call number | Barcode | Date last seen | Price effective from | Koha item type |
|---|---|---|---|---|---|---|---|---|---|---|---|---|---|---|
| Dewey Decimal Classification | General Chemistry | St Aloysius PG Library | St Aloysius PG Library | 12/08/2023 | 551.511 BRAA | PG024561 | 01/08/2024 | 01/08/2024 | Donated Books |